| 000 | 01021nam0a22002891 4500 | ||
|---|---|---|---|
| 001 | rc\4274508 | ||
| 005 | 20250612035106.0 | ||
| 021 |
_aRU _b[65-89844] |
||
| 035 | _a(NLR Aleph) 008490934 | ||
| 090 |
_a8049549 _c8049549 |
||
| 100 | _a20130416d1965 |||y0rusy50 ca | ||
| 101 | 1 |
_arus _cger |
|
| 102 | _aRU | ||
| 105 | _ay z ||||| | ||
| 200 | 1 |
_aТакой была подводная война _eСокр. пер. с нем. _f[Предисл. контр.-адм. П.В. Синецкого] |
|
| 210 |
_aМосква _cВоениздат _d1965 |
||
| 215 |
_a302 с. _d21 |
||
| 300 | _aДоп. тит. л.: Harald Busch. So war der U-Boot-Krieg | ||
| 513 | 0 | _aSo war der U-Boot-Krieg | |
| 606 |
_aПодводный флот Германии во второй мировой войне 1939-1945 гг. _2psbo |
||
| 700 | 1 |
_aБуш _bГ. _gГеральд |
|
| 702 | 1 |
_aСинецкий _bП.В. _4080 |
|
| 801 | 0 |
_aRU _bNLR _gpsbo |
|
| 801 | 1 |
_aRU _bELAR _2rusmarc |
|
| 852 |
_aNLR _j65-3/6149 |
||
| 942 | _cBOOK | ||
| 980 | _aNB | ||